000 00394nam a2200133Ia 4500
008 220216s9999 xx 000 0 und d
100 _aLakawipat Napawan
245 0 _aProgress on rubber breeding of Thailand
260 _bIRRDB International Rubber Conference 14-17 December 2011 Chiang
650 _aRubber breeding
650 _aThailand
700 _aTeerawatanasuk Kanikar
942 _cJS
999 _c65917
_d65917